| 000 | 01343cam a2200373 i 4500 | ||
|---|---|---|---|
| 999 |
_c69 _d69 |
||
| 001 | vtls002130479 | ||
| 003 | VRT | ||
| 005 | 20190725081938.0 | ||
| 008 | 170925t20031974nyu 000 1 eng d | ||
| 020 |
_a0553212583 _q(paperback) |
||
| 020 |
_a9780553212587 _q(paperback) |
||
| 035 | _a(OCoLC)ocm56948000 | ||
| 040 |
_aMUJ _beng _erda _cMUJ _dKH8 |
||
| 042 | _anbic | ||
| 082 | _aFIC BRO | ||
| 100 | 1 |
_aBrontë, Emily, _d1818-1848, _eauthor. |
|
| 245 | 1 | 0 |
_aWuthering Heights / _cEmily Brontë |
| 250 | _aBantam Classic | ||
| 264 | 1 |
_aNew York, New York : _bBantam Books, _c2003. |
|
| 264 | 4 | _c©1974. | |
| 300 |
_a324 pages ; _c18 cm. |
||
| 336 |
_atext _btxt _2rdacontent. |
||
| 337 |
_aunmediated _bn _2rdamedia. |
||
| 338 |
_avolume _bnc _2rdacarrier. |
||
| 520 | _aCathy and Heathcliff are the main characters in a story of love turning in on itself and the violence and misery that result from thwarted longing. | ||
| 600 | 1 | 0 |
_aBrontë, Emily, 1818-1848 _vAdaptations. |
| 650 | 0 | _aReaders. | |
| 650 | 0 |
_aEnglish language _xStudy and teaching (Secondary) |
|
| 650 | 0 |
_aEnglish language _vTextbooks for foreign speakers. |
|
| 651 | 0 |
_aYorkshire (England) _xSocial life and customs _y19th century _vFiction. |
|
| 651 | 0 |
_aEngland _xSocial life and customs _y19th century _vFiction. |
|
| 830 | 0 | _aA Bantam classic. | |
| 942 |
_2ddc _cFIC |
||